01093nam a2200253 u 450000100070000000500170000700800410002403500110006504000130007604100080008908000070009710000470010424501920015126000230034330000100036665000290037665000340040565000390043965000270047865000360050570000480054170000470058950002030063670647520260506091849.0011122s2001 ||||||m| spa  a706475 ccomduadb aspa aWA10aMolino Barrera, Karime del Pilar4auteaut10aEstrategias de mejoramiento de los servicios de promocion de salud y prevencion de la enfermedad cardiovascular en la Empresa Social del Estado Hospital San Rafael de Girardota. 2000-2001 aMedellín,c2001. a101p. 7aServicios de salud2lemb 7aPromoción de la salud2lemb 7aEnfermedades cardiovasculares2dcs aPrevención y control aHospital San Rafael (Girardota)10aRodriguez Cardona, Joaquin Alonso4auteaut10aGiraldo Gaviria, Libardo Antonio4thseths aTesis (Especialista en Administracion de Servicios de Salud con Enfasis en Desarrollo Empresarial) Universidad de Antioquia. Facultad Nacional de Salud Publica "Hector Abad Gomez" - Véase Además